| 000 | 00623nam a2200157Ia 4500 | ||
|---|---|---|---|
| 008 | 231221s9999 xx 000 0 und d | ||
| 020 | _a978-3-540-31995-5 | ||
| 041 | _aEnglish | ||
| 100 | _aIvan Lirkov, Svetozar Margenov, Jerzy Wasniewski | ||
| 245 | 0 | _aLarge-Scale Scientific Computing | |
| 260 |
_c2005 _bSpringer US _aNew York |
||
| 440 | _aLecture Notes in Computer Science | ||
| 650 | _aComputer Science | ||
| 650 | _aNumeric Computing; Programming Techniques; Operating Systems; Algorithm Analysis and Problem Complexity; Simulation and Modeling; Computer-Aided Engineering (CAD, CAE) and Design | ||
| 942 | _cEB | ||
| 999 |
_c221114 _d221114 |
||